| 000 | 00754nam a2200253Ia 4500 | ||
|---|---|---|---|
| 008 | 160321s9999||||xx |||||||||||||| ||und|| | ||
| 040 | _cEnglish | ||
| 082 | _aXI.B Honea | ||
| 082 | _bBORI-16491 | ||
| 100 | _aKenneth Howard Honea | ||
| 245 | 2 | _aA Contribution to The History of the Hamitic Peoples of Africa | |
| 300 | _aiii+109 | ||
| 300 | _cF | ||
| 300 | _ePaperback | ||
| 530 | _u00017116.pdf | ||
| 563 | _aStudy | ||
| 600 | _aKenneth Howard Honea | ||
| 630 | _aA Contribution to The History of the Hamitic Peoples of Africa | ||
| 650 | _a"Social History, Culture" | ||
| 650 | _aGeneral Indology | ||
| 700 | _aKenneth Howard Honea | ||
| 730 | _aA Contribution to The History of the Hamitic Peoples of Africa | ||
| 942 | _cBOOK | ||
| 999 |
_c1357962 _d1357959 |
||